PRINCIPLES AND PRACTICE OF COMMUNITY MEDICINE (Record no. 216974)

MARC details
000 -LEADER
fixed length control field 00456nam a22001697a 4500
008 - FIXED-LENGTH DATA ELEMENTS--GENERAL INFORMATION
fixed length control field 260415b |||||||| |||| 00| 0 eng d
020 ## - INTERNATIONAL STANDARD BOOK NUMBER
International Standard Book Number 978-93-5270-034-9
050 ## - LIBRARY OF CONGRESS CALL NUMBER
Classification number HV 68.D57 2014
100 ## - MAIN ENTRY--PERSONAL NAME
Personal name RAHIM ASMA
245 ## - TITLE STATEMENT
Title PRINCIPLES AND PRACTICE OF COMMUNITY MEDICINE
250 ## - EDITION STATEMENT
Edition statement 2nd
260 ## - PUBLICATION, DISTRIBUTION, ETC.
Place of publication, distribution, etc. NEW DELHI
Name of publisher, distributor, etc. THE HEALTH SCIENCE PUBLISHER
Date of publication, distribution, etc. 2017
300 ## - PHYSICAL DESCRIPTION
Extent X,758
650 ## - SUBJECT ADDED ENTRY
Topical term or geographic name entry element Community medicine
942 ## - ADDED ENTRY ELEMENTS (KOHA)
Source of classification or shelving scheme Library of Congress Classification
Koha item type Long Loan Book
Holdings
Withdrawn status Lost status Source of classification or shelving scheme Damaged status Not for loan Collection Home library Current library Shelving location Date acquired Inventory number Total checkouts Full call number Barcode Date last seen Copy number Price effective from Koha item type
    Library of Congress Classification     Medicine Kisii University Library Kisii University Library On Display 04/15/2026 112983   HV 68.D57 2014 A001388 04/15/2026 C.4 04/15/2026 Long Loan Book
    Library of Congress Classification     Medicine Kisii University Library Kisii University Library On Display 04/15/2026 112982   HV 68.D57 2014 A001389 04/15/2026 C.3 04/15/2026 Long Loan Book
    Library of Congress Classification     Medicine Kisii University Library Kisii University Library On Display 04/15/2026 112981   HV 68.D57 2014 A001390 04/15/2026 C.2 04/15/2026 Long Loan Book
    Library of Congress Classification     Medicine Kisii University Library Kisii University Library On Display 04/15/2026 112980   HV 68.D57 2014 A001391 04/15/2026 C.1 04/15/2026 Long Loan Book